Catálogo - Centro de Recursos para el Aprendizaje y la Investigación

Volver al Sitio - CRAI Biblioteca

Histology and cell biology : (Registro nro. 114552)

Detalles MARC
000 -CABECERA
campo de control de longitud fija 01743nam a22002894 4500
001 - NÚMERO DE CONTROL
campo de control 114552
003 - IDENTIFICADOR DEL NÚMERO DE CONTROL
campo de control DR-UNIBE
005 - FECHA Y HORA DE LA ÚLTIMA TRANSACCIÓN
campo de control 20260407154344.0
007 - CAMPO FIJO DE DESCRIPCIÓN FÍSICA--INFORMACIÓN GENERAL
campo de control de longitud fija cr nn 008mamaa
008 - DATOS DE LONGITUD FIJA--INFORMACIÓN GENERAL
campo de control de longitud fija 260407b2026 xxu|||||s|||| 00| 0 eng d
020 ## - NÚMERO INTERNACIONAL ESTÁNDAR DEL LIBRO
Número Internacional Estándar del Libro 9780443284885 (electrónico)
040 ## - FUENTE DE LA CATALOGACIÓN
Centro catalogador/agencia de origen BIBLIOTECA UNIBE
Centro/agencia transcriptor BIBLIOTECA UNIBE
Normas de descripción rda
041 ## - CÓDIGO DE LENGUA
Código de lengua del texto/banda sonora o título independiente eng
100 ## - ENTRADA PRINCIPAL--NOMBRE DE PERSONA
Nombre de persona Kierszenbaum, Abraham L.
Término indicativo de función/relación autor
9 (RLIN) 204149
100 ## - ENTRADA PRINCIPAL--NOMBRE DE PERSONA
Nombre de persona Tres, Laura L.
Término indicativo de función/relación autor
9 (RLIN) 204150
245 10 - MENCIÓN DE TÍTULO
Título Histology and cell biology :
Resto del título an introduction to pathology
250 ## - MENCIÓN DE EDICIÓN
Mención de edición Sexta edición
260 ## - PUBLICACIÓN, DISTRIBUCIÓN, ETC.
Lugar de publicación, distribución, etc. Philadelphia :
Nombre del editor, distribuidor, etc. Elsevier,
Fecha de publicación, distribución, etc. 2026
300 ## - DESCRIPCIÓN FÍSICA
Extensión xvi, 804 páginas :
Otras características físicas ilustraciones
500 ## - NOTA GENERAL
Nota general Recurso en línea:<br/>Disponible para miembros de UNIBE a través del portal web del CRAI: https://www.unibe.edu.do/biblioteca/libros-electronicos/
505 ## - NOTA DE CONTENIDO CON FORMATO
Nota de contenido con formato 1. Epithelium | Cell biology |<br/>2. Epithelial glands | Cell biology |<br/>3. Cell signaling | Cell biology | Pathology |<br/>4. Connective tissue |<br/>5. Osteogenesis |<br/>6. Blood and hematopoiesis |<br/>7. Muscle tissue |<br/>8. Nervous tissue |<br/>9. Sensory organs: vision and hearing |<br/>10. Immune-lymphatic system |<br/>11. Integumentary system |<br/>12. Cardiovascular system |<br/>13. Respiratory system |<br/>14. Urinary system |<br/>15. Upper digestive segment |<br/>16. Lower digestive segment |<br/>17. Digestive glands |<br/>18. Neuroendocrine system |<br/>19. Endocrine system |<br/>20. Spermatogenesis |<br/>21. Sperm transport and maturation |<br/>22. Folliculogenesis and menstrual cycle |<br/>23. Fertilization, placentation and lactation |<br/>
650 #7 - PUNTO DE ACCESO ADICIONAL DE MATERIA--TÉRMINO DE MATERIA
Término de materia o nombre geográfico como elemento de entrada Medicina
Fuente del encabezamiento o término lemb
9 (RLIN) 190212
650 #7 - PUNTO DE ACCESO ADICIONAL DE MATERIA--TÉRMINO DE MATERIA
Término de materia o nombre geográfico como elemento de entrada Histología
Fuente del encabezamiento o término lemb
655 #4 - TÉRMINO DE INDIZACIÓN--GÉNERO/FORMA
Datos o término principal de género/forma Recurso electrónico
9 (RLIN) 42681
856 ## - LOCALIZACIÓN Y ACCESO ELECTRÓNICOS
Identificador Uniforme del Recurso <a href="https://www.clinicalkey.com/student/content/toc/3-s2.0-C20230515721">https://www.clinicalkey.com/student/content/toc/3-s2.0-C20230515721</a>
942 ## - ELEMENTOS DE PUNTO DE ACCESO ADICIONAL (KOHA)
Fuente del sistema de clasificación o colocación Sistema de Clasificación Decimal Dewey
Tipo de ítem Koha e-Libro (en línea)
Existencias
Estado de retiro Estado de pérdida Fuente del sistema de clasificación o colocación No para préstamo Código de colección Localización permanente Fecha de adquisición Total de préstamos Código de barras Fecha visto por última vez Número de copia Precio válido a partir de Tipo de ítem Koha
  Disponible Sistema de Clasificación Decimal Dewey   e-Libro de Texto (en línea) Biblioteca Central UNIBE 07/04/2026   EB0532 07/04/2026 copias ilimitadas 07/04/2026 e-Libro (en línea)